[Event "Stay Safe Play From Home 377"]
[Site "Emanuel Lasker Arena"]
[Date "2020.08.12"]
[Round "9"]
[White "Lamborghini"]
[Black "Mepe_Nika"]
[Result "0-1"]
[WhiteElo "2250"]
[BlackElo "2357"]
[PlyCount "94"]
[EventDate "2020.08.12"]
[EventType "swiss (blitz)"]

1. e4 {[%emt 0:00:02]} e5 {[%emt 0:00:01]} 2. Nf3 {[%emt 0:00:01]} Nc6 {[%emt 0:00:00]} 3. Bb5 {[%emt 0:00:01]} Nf6 {[%emt 0:00:00]} 4. O-O {[%emt 0:00:01]} Nxe4 {[%emt 0:00:00]} 5. Re1 {[%emt 0:00:01]} Nd6 {[%emt 0:00:00]} 6. Nxe5 {[%emt 0:00:01]} Be7 {[%emt 0:00:00]} 7. Qh5 {[%emt 0:00:01]} Nxe5 {[%emt 0:00:04]} 8. Qxe5 {[%emt 0:00:01]} Kf8 {[%emt 0:00:02]} 9. Bd3 {[%emt 0:00:03]} Bf6 {[%emt 0:00:01]} 10. Qg3 {[%emt 0:00:01]} g6 {[%emt 0:00:01]} 11. Nc3 {[%emt 0:00:02]} Kg7 {[%emt 0:00:01]} 12. Nd5 {[%emt 0:00:03]} Re8 {[%emt 0:00:02]} 13. Rf1 {[%emt 0:00:03]} Ne4 {[%emt 0:00:03]} 14. Qf3 {[%emt 0:00:01]} Nc5 {[%emt 0:00:05]} 15. Bc4 {[%emt 0:00:01]} d6 {[%emt 0:00:02]} 16. Nxf6 {[%emt 0:00:01]} Qxf6 {[%emt 0:00:01]} 17. Qxf6+ {[%emt 0:00:01]} Kxf6 {[%emt 0:00:00]} 18. d4 {[%emt 0:00:00]} Nd7 {[%emt 0:00:02]} 19. c3 {[%emt 0:00:01]} Nb6 {[%emt 0:00:02]} 20. Bb5 {[%emt 0:00:04]} Bd7 {[%emt 0:00:01]} 21. Bxd7 {[%emt 0:00:04]} Nxd7 {[%emt 0:00:00]} 22. a4 {[%emt 0:00:01]} Re2 {[%emt 0:00:01]} 23. b3 {[%emt 0:00:01]} Rae8 {[%emt 0:00:01]} 24. c4 {[%emt 0:00:01]} c6 {[%emt 0:00:01]} 25. Be3 {[%emt 0:00:05]} d5 {[%emt 0:00:02]} 26. Rfc1 {[%emt 0:00:01]} Nb6 {[%emt 0:00:02]} 27. a5 {[%emt 0:00:02]} Nc8 {[%emt 0:00:02]} 28. a6 {[%emt 0:00:00]} b6 {[%emt 0:00:02]} 29. cxd5 {[%emt 0:00:01]} cxd5 {[%emt 0:00:00]} 30. Rc6+ {[%emt 0:00:01]} Kf5 {[%emt 0:00:05]} 31. Rac1 {[%emt 0:00:01]} b5 {[%emt 0:00:02]} 32. Kf1 {[%emt 0:00:01]} Rb2 {[%emt 0:00:01]} 33. Rxc8 {[%emt 0:00:01]} Rxc8 {[%emt 0:00:00]} 34. Rxc8 {[%emt 0:00:01]} Rxb3 {[%emt 0:00:00]} 35. Rc1 {[%emt 0:00:01]} Ra3 {[%emt 0:00:01]} 36. h3 {[%emt 0:00:00]} Rxa6 {[%emt 0:00:01]} 37. Ke2 {[%emt 0:00:00]} b4 {[%emt 0:00:01]} 38. Kf3 {[%emt 0:00:00]} Rb6 {[%emt 0:00:00]} 39. g4+ {[%emt 0:00:00]} Ke6 {[%emt 0:00:00]} 40. Rc7 {[%emt 0:00:01]} a5 {[%emt 0:00:00]} 41. Bc1 {[%emt 0:00:01]} a4 {[%emt 0:00:01]} 42. Ra7 {[%emt 0:00:01]} a3 {[%emt 0:00:00]} 43. Ke3 {[%emt 0:00:01]} f5 {[%emt 0:00:01]} 44. f3 {[%emt 0:00:02]} fxg4 {[%emt 0:00:01]} 45. hxg4 {[%emt 0:00:00]} h5 {[%emt 0:00:00]} 46. f4 {[%emt 0:00:00]} hxg4 {[%emt 0:00:01]} 47. f5+ {[%emt 0:00:00]} Kxf5 {[%emt 0:00:01] Zeit Zeit Zeit (Lag: Av=0.43s, max=1.1s) (Lag: Av=0.43s, max=1.1s) (Lag: Av=0.43s, max=1.1s)} 0-1

[Event "Stay Safe Play From Home 377"]
[Site "Emanuel Lasker Arena"]
[Date "2020.08.12"]
[Round "9"]
[White "SoulofWolf"]
[Black "buzaglo"]
[Result "1-0"]
[WhiteElo "2168"]
[BlackElo "1858"]
[PlyCount "93"]
[EventDate "2020.08.12"]
[EventType "swiss (blitz)"]

1. Nf3 {[%emt 0:00:01]} e6 {[%emt 0:00:00]} 2. c4 {[%emt 0:00:00]} d5 {[%emt 0:00:00]} 3. e3 {[%emt 0:00:00]} dxc4 {[%emt 0:00:01]} 4. Bxc4 {[%emt 0:00:01]} c5 {[%emt 0:00:00]} 5. a3 {[%emt 0:00:00]} Nf6 {[%emt 0:00:00]} 6. O-O {[%emt 0:00:01]} Be7 {[%emt 0:00:00]} 7. b3 {[%emt 0:00:00]} O-O {[%emt 0:00:00]} 8. Bb2 {[%emt 0:00:00]} Nc6 {[%emt 0:00:01]} 9. Be2 {[%emt 0:00:01]} e5 {[%emt 0:00:00]} 10. Qc2 {[%emt 0:00:00]} e4 {[%emt 0:00:01]} 11. Ne1 {[%emt 0:00:01]} Bf5 {[%emt 0:00:02]} 12. Nc3 {[%emt 0:00:01]} Bg6 {[%emt 0:00:01]} 13. Rd1 {[%emt 0:00:01]} Qc7 {[%emt 0:00:01]} 14. d3 {[%emt 0:00:01]} Rad8 {[%emt 0:00:03]} 15. dxe4 {[%emt 0:00:01]} Rxd1 {[%emt 0:00:01]} 16. Qxd1 {[%emt 0:00:00]} Nxe4 {[%emt 0:00:01]} 17. Nxe4 {[%emt 0:00:01]} Bxe4 {[%emt 0:00:00]} 18. Bf3 {[%emt 0:00:00]} Bxf3 {[%emt 0:00:01]} 19. Nxf3 {[%emt 0:00:00]} Rd8 {[%emt 0:00:04]} 20. Qc2 {[%emt 0:00:00]} Bf8 {[%emt 0:00:04]} 21. Rc1 {[%emt 0:00:04]} b6 {[%emt 0:00:01]} 22. Ng5 {[%emt 0:00:01]} g6 {[%emt 0:00:01]} 23. Ne4 {[%emt 0:00:03]} Ne5 {[%emt 0:00:02]} 24. Rd1 {[%emt 0:00:04]} Bg7 {[%emt 0:00:01]} 25. f4 {[%emt 0:00:04]} Rxd1+ {[%emt 0:00:01]} 26. Qxd1 {[%emt 0:00:00]} Nd7 {[%emt 0:00:03]} 27. Bxg7 {[%emt 0:00:01]} Kxg7 {[%emt 0:00:01]} 28. Qa1+ {[%emt 0:00:00]} f6 {[%emt 0:00:02]} 29. Qc3 {[%emt 0:00:01]} Qc6 {[%emt 0:00:05]} 30. Qd3 {[%emt 0:00:01]} Qe6 {[%emt 0:00:01]} 31. Kf2 {[%emt 0:00:03]} h5 {[%emt 0:00:01]} 32. h3 {[%emt 0:00:01]} h4 {[%emt 0:00:01]} 33. Nd2 {[%emt 0:00:01]} f5 {[%emt 0:00:03]} 34. Nf3 {[%emt 0:00:00]} Nf6 {[%emt 0:00:01]} 35. Ng5 {[%emt 0:00:01]} Ne4+ {[%emt 0:00:01]} 36. Nxe4 {[%emt 0:00:00]} fxe4 {[%emt 0:00:02]} 37. Qc3+ {[%emt 0:00:01]} Kf7 {[%emt 0:00:01]} 38. Qh8 {[%emt 0:00:02]} Qxb3 {[%emt 0:00:01]} 39. Qh7+ {[%emt 0:00:00]} Kf6 {[%emt 0:00:01]} 40. Qh8+ {[%emt 0:00:01]} Kf7 {[%emt 0:00:01]} 41. Qxh4 {[%emt 0:00:02]} Qc2+ {[%emt 0:00:01]} 42. Kg3 {[%emt 0:00:01]} Qd2 {[%emt 0:00:01]} 43. Qh7+ {[%emt 0:00:00]} Kf6 {[%emt 0:00:02]} 44. Qh4+ {[%emt 0:00:02]} Kf7 {[%emt 0:00:01]} 45. Qg5 {[%emt 0:00:01]} Qxe3+ {[%emt 0:00:01]} 46. Kh2 {[%emt 0:00:00]} Qe2 {[%emt 0:00:02]} 47. Qd5+ {[%emt 0:00:01] Time Time Time (Lag: Av=0.40s, max=1.0s) (Lag: Av=0.40s, max=1.0s) (Lag: Av=0.40s, max=1.0s) ' ' '} 1-0

[Event "Stay Safe Play From Home 377"]
[Site "Emanuel Lasker Arena"]
[Date "2020.08.12"]
[Round "9"]
[White "Hickey"]
[Black "AChessPlayer"]
[Result "0-1"]
[WhiteElo "2116"]
[BlackElo "2468"]
[PlyCount "80"]
[EventDate "2020.08.12"]
[EventType "swiss (blitz)"]

1. Nf3 {[%emt 0:00:05]} c6 {[%emt 0:00:01]} 2. g3 {[%emt 0:00:00]} d5 {[%emt 0:00:00]} 3. Bg2 {[%emt 0:00:00]} Nf6 {[%emt 0:00:00]} 4. O-O {[%emt 0:00:00]} g6 {[%emt 0:00:00]} 5. b3 {[%emt 0:00:01]} Bg7 {[%emt 0:00:00]} 6. Bb2 {[%emt 0:00:00]} O-O {[%emt 0:00:00]} 7. d3 {[%emt 0:00:00]} a5 {[%emt 0:00:00]} 8. Nbd2 {[%emt 0:00:00]} a4 {[%emt 0:00:01]} 9. bxa4 {[%emt 0:00:02]} Qa5 {[%emt 0:00:03]} 10. Nb3 {[%emt 0:00:02]} Qxa4 {[%emt 0:00:01]} 11. Ne5 {[%emt 0:00:01]} Nbd7 {[%emt 0:00:01]} 12. f4 {[%emt 0:00:00]} Nxe5 {[%emt 0:00:02]} 13. Bxe5 {[%emt 0:00:01]} Qa7+ {[%emt 0:00:04]} 14. Bd4 {[%emt 0:00:02]} b6 {[%emt 0:00:01]} 15. Qc1 {[%emt 0:00:01]} Qc7 {[%emt 0:00:01]} 16. Be5 {[%emt 0:00:01]} Qd8 {[%emt 0:00:01]} 17. Qb2 {[%emt 0:00:01]} Bb7 {[%emt 0:00:00]} 18. c4 {[%emt 0:00:01]} c5 {[%emt 0:00:02]} 19. Rad1 {[%emt 0:00:02]} Qd7 {[%emt 0:00:01]} 20. cxd5 {[%emt 0:00:04]} Bxd5 {[%emt 0:00:01]} 21. e4 {[%emt 0:00:01]} Bc6 {[%emt 0:00:01]} 22. d4 {[%emt 0:00:01]} c4 {[%emt 0:00:02]} 23. d5 {[%emt 0:00:02]} Ba4 {[%emt 0:00:01]} 24. Nd4 {[%emt 0:00:06]} Bxd1 {[%emt 0:00:01]} 25. Rxd1 {[%emt 0:00:00]} Qa4 {[%emt 0:00:04]} 26. Rc1 {[%emt 0:00:01]} Qxa2 {[%emt 0:00:01]} 27. Qxb6 {[%emt 0:00:00]} Nd7 {[%emt 0:00:03]} 28. Qc7 {[%emt 0:00:02]} Nxe5 {[%emt 0:00:02]} 29. fxe5 {[%emt 0:00:00]} Rfc8 {[%emt 0:00:01]} 30. Qxe7 {[%emt 0:00:01]} Re8 {[%emt 0:00:00]} 31. Qc5 {[%emt 0:00:04]} Bxe5 {[%emt 0:00:01]} 32. Qxc4 {[%emt 0:00:01]} Qxc4 {[%emt 0:00:03]} 33. Rxc4 {[%emt 0:00:00]} Ra1+ {[%emt 0:00:03]} 34. Kf2 {[%emt 0:00:01]} Ra2+ {[%emt 0:00:00]} 35. Ne2 {[%emt 0:00:01]} Bd6 {[%emt 0:00:01]} 36. Bf3 {[%emt 0:00:01]} Kg7 {[%emt 0:00:01]} 37. Kg2 {[%emt 0:00:00]} Re7 {[%emt 0:00:00]} 38. Rc6 {[%emt 0:00:01]} Be5 {[%emt 0:00:01]} 39. Rc4 {[%emt 0:00:00]} Rc7 {[%emt 0:00:01]} 40. h3 {[%emt 0:00:00]} Rxc4 {[%emt 0:00:01] Hickey resigns Hickey resigns Hickey resigns (Lag: Av=0.91s, max=1.9s) (Lag: Av=0.91s, max=1.9s) (Lag: Av=0.91s, max=1.9s)} 0-1

[Event "Stay Safe Play From Home 377"]
[Site "Emanuel Lasker Arena"]
[Date "2020.08.12"]
[Round "9"]
[White "TheCHESSHOUSE"]
[Black "SelamiSahin"]
[Result "0-1"]
[WhiteElo "1989"]
[BlackElo "2105"]
[PlyCount "88"]
[EventDate "2020.08.12"]
[EventType "swiss (blitz)"]

{- Yarar, Atakan} 1. d4 {[%emt 0:00:04]} c6 {[%emt 0:00:00]} 2. c4 {[%emt 0:00:02]} d5 {[%emt 0:00:00]} 3. cxd5 {[%emt 0:00:01]} cxd5 {[%emt 0:00:01]} 4. Nc3 {[%emt 0:00:00]} Nc6 {[%emt 0:00:00]} 5. Bf4 {[%emt 0:00:01]} Bf5 {[%emt 0:00:01]} 6. Nf3 {[%emt 0:00:01]} e6 {[%emt 0:00:00]} 7. Rc1 {[%emt 0:00:01]} Qb6 {[%emt 0:00:01]} 8. Na4 {[%emt 0:00:02]} Bb4+ {[%emt 0:00:01]} 9. Bd2 {[%emt 0:00:01]} Qa5 {[%emt 0:00:01]} 10. e3 {[%emt 0:00:03]} Nf6 {[%emt 0:00:01]} 11. a3 {[%emt 0:00:01]} Bxd2+ {[%emt 0:00:01]} 12. Nxd2 {[%emt 0:00:00]} Ne4 {[%emt 0:00:01]} 13. Be2 {[%emt 0:00:03]} Nxd2 {[%emt 0:00:01]} 14. Qxd2 {[%emt 0:00:00]} Qxa4 {[%emt 0:00:00]} 15. O-O {[%emt 0:00:02]} O-O {[%emt 0:00:01]} 16. Rc5 {[%emt 0:00:04]} Rac8 {[%emt 0:00:07]} 17. Qc3 {[%emt 0:00:03]} b6 {[%emt 0:00:06]} 18. Bb5 {[%emt 0:00:01]} Qa5 {[%emt 0:00:09]} 19. b4 {[%emt 0:00:01]} Nxb4 {[%emt 0:00:03]} 20. axb4 {[%emt 0:00:01]} Rxc5 {[%emt 0:00:01]} 21. dxc5 {[%emt 0:00:01]} Qa2 {[%emt 0:00:02]} 22. cxb6 {[%emt 0:00:02]} axb6 {[%emt 0:00:00]} 23. Qc7 {[%emt 0:00:02]} Qb2 {[%emt 0:00:02]} 24. Qd6 {[%emt 0:00:02]} h6 {[%emt 0:00:03]} 25. h3 {[%emt 0:00:01]} Be4 {[%emt 0:00:01]} 26. f3 {[%emt 0:00:03]} Bf5 {[%emt 0:00:02]} 27. Rf2 {[%emt 0:00:01]} Qc1+ {[%emt 0:00:02]} 28. Kh2 {[%emt 0:00:03]} Qxe3 {[%emt 0:00:01]} 29. Qg3 {[%emt 0:00:01]} Qc3 {[%emt 0:00:01]} 30. Qf4 {[%emt 0:00:03]} d4 {[%emt 0:00:02]} 31. g4 {[%emt 0:00:01]} Bh7 {[%emt 0:00:01]} 32. Qe5 {[%emt 0:00:02]} Qxb4 {[%emt 0:00:01]} 33. Bf1 {[%emt 0:00:02]} Qc5 {[%emt 0:00:00]} 34. Qf4 {[%emt 0:00:01]} d3 {[%emt 0:00:01]} 35. Qd2 {[%emt 0:00:01]} Qd5 {[%emt 0:00:01]} 36. f4 {[%emt 0:00:01]} Rd8 {[%emt 0:00:00]} 37. Bg2 {[%emt 0:00:00]} Qd6 {[%emt 0:00:01]} 38. Kh1 {[%emt 0:00:01]} b5 {[%emt 0:00:00]} 39. f5 {[%emt 0:00:00]} e5 {[%emt 0:00:00]} 40. f6 {[%emt 0:00:01]} Bg6 {[%emt 0:00:01]} 41. Qe3 {[%emt 0:00:01]} Qd4 {[%emt 0:00:01]} 42. fxg7 {[%emt 0:00:00]} Qxe3 {[%emt 0:00:01]} 43. Rxf7 {[%emt 0:00:01]} Qe1+ {[%emt 0:00:01]} 44. Kh2 {[%emt 0:00:00]} Kxf7 {[%emt 0:00:01] Time Time Time (Lag: Av=0.80s, max=1.4s) (Lag: Av=0.80s, max=1.4s) (Lag: Av=0.80s, max=1.4s)} 0-1

[Event "Stay Safe Play From Home 377"]
[Site "Emanuel Lasker Arena"]
[Date "2020.08.12"]
[Round "9"]
[White "Stepmaker"]
[Black "Ao017545"]
[Result "0-1"]
[WhiteElo "1430"]
[BlackElo "1516"]
[Annotator "NA"]
[PlyCount "54"]
[EventDate "2020.08.12"]
[EventType "swiss (blitz)"]

1. d4 {[%emt 0:00:02]} e5 {[%emt 0:00:00]} 2. c3 {[%emt 0:00:00]} exd4 {[%emt 0:00:00]} 3. cxd4 {[%emt 0:00:01]} d5 {[%emt 0:00:00]} 4. Nc3 {[%emt 0:00:01]} Nf6 {[%emt 0:00:00]} 5. Nf3 {[%emt 0:00:00]} Bb4 {[%emt 0:00:00]} 6. e3 {[%emt 0:00:00]} Ne4 {[%emt 0:00:01]} 7. Qc2 {[%emt 0:00:04]} c5 {[%emt 0:00:01]} 8. Bd2 {[%emt 0:00:02]} cxd4 {[%emt 0:00:02]} 9. Nxe4 {[%emt 0:00:01]} dxe4 {[%emt 0:00:04]} 10. Nxd4 {[%emt 0:00:02]} Bxd2+ {[%emt 0:00:06]} 11. Qxd2 {[%emt 0:00:01]} Nc6 {[%emt 0:00:01]} 12. Be2 {[%emt 0:00:00]} Nxd4 {[%emt 0:00:02]} 13. exd4 {[%emt 0:00:01]} O-O {[%emt 0:00:01]} 14. O-O {[%emt 0:00:01]} f5 {[%emt 0:00:01]} 15. Rfe1 {[%emt 0:00:01]} Be6 {[%emt 0:00:02]} 16. Bh5 {[%emt 0:00:03]} Bd5 {[%emt 0:00:01]} 17. b3 {[%emt 0:00:03]} f4 {[%emt 0:00:06]} 18. Rac1 {[%emt 0:00:01]} Qg5 {[%emt 0:00:03]} 19. Be2 {[%emt 0:00:03]} e3 {[%emt 0:00:01]} 20. g3 {[%emt 0:00:07]} exd2 {[%emt 0:00:03]} 21. Bc4 {[%emt 0:00:01]} dxe1=Q+ {[%emt 0:00:04]} 22. Rxe1 {[%emt 0:00:01]} Bxc4 {[%emt 0:00:00]} 23. bxc4 {[%emt 0:00:01]} fxg3 {[%emt 0:00:00]} 24. fxg3 {[%emt 0:00:01]} Qd2 {[%emt 0:00:05]} 25. Rb1 {[%emt 0:00:03]} Qf2+ {[%emt 0:00:02]} 26. Kh1 {[%emt 0:00:02]} Rae8 {[%emt 0:00:00]} 27. Rg1 {[%emt 0:00:02]} Re2 {[%emt 0:00:01] TimeW TimeW TimeW} 0-1

[Event "Stay Safe Play From Home 377"]
[Site "Emanuel Lasker Arena"]
[Date "2020.08.12"]
[Round "9"]
[White "Mandy"]
[Black "Oznog"]
[Result "0-1"]
[WhiteElo "856"]
[BlackElo "1796"]
[Annotator "NA"]
[PlyCount "34"]
[EventDate "2020.08.12"]
[EventType "swiss (blitz)"]

1. d4 {[%emt 0:00:02]} Nf6 {[%emt 0:00:01]} 2. Bf4 {[%emt 0:00:01]} e6 {[%emt 0:00:01]} 3. e3 {[%emt 0:00:01]} d5 {[%emt 0:00:01]} 4. Nf3 {[%emt 0:00:01]} Bd6 {[%emt 0:00:00]} 5. Ne5 {[%emt 0:00:03]} Bxe5 {[%emt 0:00:01]} 6. Bxe5 {[%emt 0:00:03]} Nbd7 {[%emt 0:00:00]} 7. Bxf6 {[%emt 0:00:02]} Nxf6 {[%emt 0:00:00]} 8. h3 {[%emt 0:00:01]} O-O {[%emt 0:00:00]} 9. g4 {[%emt 0:00:01]} c5 {[%emt 0:00:03]} 10. Be2 {[%emt 0:00:03]} cxd4 {[%emt 0:00:05]} 11. exd4 {[%emt 0:00:04]} Qb6 {[%emt 0:00:03]} 12. b3 {[%emt 0:00:08]} Ne4 {[%emt 0:00:01]} 13. Qd3 {[%emt 0:00:09]} e5 {[%emt 0:00:04]} 14. O-O {[%emt 0:00:04]} Qxd4 {[%emt 0:00:05]} 15. Qxd4 {[%emt 0:00:07]} exd4 {[%emt 0:00:00]} 16. Bb5 {[%emt 0:00:04]} Nc3 {[%emt 0:00:05]} 17. Na3 {[%emt 0:00:02]} a6 {[%emt 0:00:06] Zeit Zeit Zeit (Lag: Av=0.48s, max=0.6s) (Lag: Av=0.48s, max=0.6s) (Lag: Av=0.48s, max=0.6s)} 0-1